| 000 | 00352nam a2200145Ia 4500 | ||
|---|---|---|---|
| 005 | 20251222143222.0 | ||
| 008 | 251222s9999||||xx |||||||||||||| ||spa|| | ||
| 020 | _a8477626626 | ||
| 082 | _a909/D69 | ||
| 100 | _aDiéz Espinosa, José Ramón | ||
| 245 | 0 | _aHistoria del Mundo Actual: | |
| 250 | _a1ra. ed. | ||
| 264 | _bAngelma, S.A. | ||
| 942 | _cLIB | ||
| 999 |
_c13847 _d13847 |
||